LEADER 02013nas 2200685-a 450 001 996213504803316 005 20230518213020.0 011 $a1532-2807 035 $a(DE-599)ZDB2002501-4 035 $a(OCoLC)41429364 035 $a(CKB)954927738785 035 $a(CONSER)---00208397- 035 $a(EXLCZ)99954927738785 100 $a19990525a19959999 s-- a 101 0 $aeng 135 $aurcnu|||||||| 181 $ctxt$2rdacontent 182 $cc$2rdamedia 183 $acr$2rdacarrier 200 10$aPathology oncology research 210 $a[London] $cHarcourt 210 2 $a[Netherlands] $cSpringer Netherlands 210 3 $a[Switzerland] $cFrontiers Media S.A 300 $aRefereed/Peer-reviewed 311 $a1219-4956 517 1 $aPOR 517 1 $aPORE 517 1 $aPathology & oncology research 517 1 $aPathology and oncology research 531 $aPATHOLOGY AND ONCOLOGY RESEARCH 531 $aPATHOL ONCOL RES 531 $aPOR PATHOLOGY ONCOLOGY RESEARCH 531 $aPATHOLOGY ONCOLOGY RESEARCH 531 $aPATHOL. ONCOL. RES 531 0 $aPathol. oncol. res. 606 $aTumors$vPeriodicals 606 $aOncology$xResearch$vPeriodicals 606 $aNeoplasms$xpathology 606 $aTumeurs$vPériodiques 606 $aCancérologie$xRecherche$vPériodiques 606 $aOncology$xResearch$2fast$3(OCoLC)fst01045744 606 $aTumors$2fast$3(OCoLC)fst01158759 608 $aPeriodical 608 $aperiodicals.$2aat 608 $aPeriodicals.$2fast 608 $aPeriodicals.$2lcgft 608 $aPériodiques.$2rvmgf 615 0$aTumors 615 0$aOncology$xResearch 615 2$aNeoplasms$xpathology 615 6$aTumeurs 615 6$aCancérologie$xRecherche 615 7$aOncology$xResearch. 615 7$aTumors. 676 $a616 712 02$aArányi Lajos Foundation, 906 $aJOURNAL 912 $a996213504803316 996 $aPathology oncology research$92265955 997 $aUNISA